Online
Catalog

Paréntesis / (Record no. 10366)

MARC details
000 -CABECERA
campo de control de longitud fija 02169nam a2200277 a 4500
001 - NÚMERO DE CONTROL
campo de control 000010608
003 - IDENTIFICADOR DEL NÚMERO DE CONTROL
campo de control DO-SdBNP
005 - FECHA Y HORA DE LA ÚLTIMA TRANSACCIÓN
campo de control 20240412074220.0
008 - DATOS DE LONGITUD FIJA--INFORMACIÓN GENERAL
campo de control de longitud fija 091008s1994 dr a 001 0 spa d
040 ## - FUENTE DE LA CATALOGACIÓN
Centro catalogador/agencia de origen DO-SdBNP
Lengua de catalogación spa
Centro/agencia transcriptor BNPHU
082 ## - NÚMERO DE LA CLASIFICACIÓN DECIMAL DEWEY
Número de clasificación RD861.44
Número de documento/Ítem P228a
245 00 - MENCIÓN DE TÍTULO
Título Paréntesis /
Mención de responsabilidad, etc. Rafael Romero... [et al.].
260 ## - PUBLICACIÓN, DISTRIBUCIÓN, ETC.
Lugar de publicación, distribución, etc. Santo Domingo :
Nombre del editor, distribuidor, etc. Búho,
Fecha de publicación, distribución, etc. 1994.
300 ## - DESCRIPCIÓN FÍSICA
Extensión 114 p. :
Otras características físicas il. ;
Dimensiones 21 cm.
505 0# - NOTA DE CONTENIDO CON FORMATO
Nota de contenido con formato Presentación --
Título Agonía de la rata ;
-- Estos pasos ;
-- Vanidad ;
-- Elegía a diciembre ;
-- Preocupación final ;
-- Soledad de la rosa ;
-- Sentencia ;
-- Confesión ;
-- María, rostro de flores ;
-- Verdades ;
-- Esos ojos ;
-- Dame ;
-- Alegría suprema ;
-- Quiero ;
-- Esa sonrisa /
Mención de responsabilidad Rafael Romano --
Título Intento ;
-- Boletín ;
-- Los inventores ;
-- Ausencia ;
-- Inventario de una mujer prevenida ;
-- La muchacha ;
-- Guachupitera ;
-- El amor ;
-- Los amantes /
Mención de responsabilidad Alexis Peña --
Título A la altura de la vida ;
-- Ya no quiero callar ;
-- Personajes ;
-- Pobladores de esperanza ;
-- Te regalo mi infancia ;
-- Poesía a la mujer ;
-- Tambor y negro ;
-- Inalcanzable plenitud ;
-- Mariposa ;
-- Oración de los campesinos al Dios caminante /
Mención de responsabilidad Kenida Melo Martínez --
Título Ciudad del Universo ;
-- Rio Ozama ;
-- Pueblo amigo ;
-- Patria ;
-- Santo Domingo, 20 de septiembre de 1992. Marcha cimarrona. Muerte de Efraín Ortiz ;
-- Transformación ;
-- Quisiera ;
-- Tu llegada ;
-- Tú ;
-- Primer capítulo ;
-- Junto a tí ;
-- Reclamo de amor ;
-- No temas ;
-- Primogénito del amor ;
-- Sabes a tiempo ;
-- Compañera ausente ;
Mención de responsabilidad Roberto Guzmán --
Título Salmo a la vida ;
-- Don supremo ;
-- Poema a la esperanza ;
-- Poemas del quiero ser ;
-- Quiero ser árbol ;
-- Quiero ser río ;
-- Quiero ser ave ;
-- Quiero ser viento ;
-- Quiero ser tierra ;
-- Invitación ;
-- Golpes ;
-- Distancia ;
-- Desafío ;
-- Poemas del sol ;
-- Poema a la alegría /
Mención de responsabilidad Nicolás Guevara.
590 ## - NOTA LOCAL (RLIN)
Nota local Inventariado, 2018/LP
650 #0 - PUNTO DE ACCESO ADICIONAL DE MATERIA--TÉRMINO DE MATERIA
Término de materia o nombre geográfico como elemento de entrada Poesía dominicana
9 (RLIN) 66
650 #0 - PUNTO DE ACCESO ADICIONAL DE MATERIA--TÉRMINO DE MATERIA
Término de materia o nombre geográfico como elemento de entrada Literatura dominicana.
9 (RLIN) 67
700 12 - PUNTO DE ACCESO ADICIONAL--NOMBRE DE PERSONA
Nombre de persona Romero, Rafael
9 (RLIN) 20893
700 12 - PUNTO DE ACCESO ADICIONAL--NOMBRE DE PERSONA
Nombre de persona Peña, Alexis
9 (RLIN) 5700
700 12 - PUNTO DE ACCESO ADICIONAL--NOMBRE DE PERSONA
Nombre de persona Melo Martínez, Kénida
9 (RLIN) 25685
700 12 - PUNTO DE ACCESO ADICIONAL--NOMBRE DE PERSONA
Nombre de persona Guzmán, Roberto
9 (RLIN) 25686
700 12 - PUNTO DE ACCESO ADICIONAL--NOMBRE DE PERSONA
Nombre de persona Guevara, Nicolás
9 (RLIN) 22224
910 ## - DATOS DE OPCIÓN DEL USUARIO (OCLC)
Datos de opción del usuario Validado. Control de calidad MMOLINA
942 ## - ELEMENTOS DE PUNTO DE ACCESO ADICIONAL (KOHA)
Fuente del sistema de clasificación o colocación Dewey Decimal Classification
Tipo de ítem Koha Libro
Holdings
Estado de retiro Estado de pérdida Fuente del sistema de clasificación o colocación Restricciones de uso No para préstamo Código de colección Localización permanente Ubicación/localización actual Ubicación en estantería Fecha de adquisición Total de préstamos Signatura topográfica completa Código de barras Fecha visto por última vez Precio válido a partir de Tipo de ítem Koha Número de copia
    Dewey Decimal Classification Excluido de préstamo   Patrimonio Dominicano Biblioteca Nacional Pedro Henríquez Ureña Patrimonio Dominicano Depósito 08.10.2009   BNPHU PD RD861.44 P228a 10608-10 25.06.2020 25.06.2020 Libro y Folleto Colección Patrimonio Dominicano  
    Dewey Decimal Classification Préstamo restringido Préstamo restrigido Patrimonio Dominicano Biblioteca Nacional Pedro Henríquez Ureña Patrimonio Dominicano Depósito 08.10.2009   BNPHU PD RD861.44 P228a 10608-20 25.06.2020 25.06.2020 Libro y Folleto Colección Patrimonio Dominicano e.2

Powered by Koha